000 00554nam a2200229Ia 4500
003 OSt
005 20220918193419.0
006 a|||||r|||| 00| 0
007 ta
008 220917b |||||||| |||| 00| 0 eng d
024 _a72,974
037 _cTextual
040 _aARTS
_cARTS
_beng
041 _2eng
_aeng
082 _aR5, H7 (GE)
100 _aGotshalk D W
_976110
245 0 _aArt and the social order
260 _c1947
650 _aAESTHETICS
942 _hR5, H7 (GE)
_cTEXL
_2CC
999 _c198915
_d198915